000 00571nam a2200181 4500
005 20250402165254.0
010 _aENG-144438
020 _a9789357312868
_c499.00
035 _aEN-127970
037 _bDBAD
082 _a796.358
100 _aGanguly, Swayam
_980159
245 _aChambers Book Of Cricket Facts/
_cSwayam Ganguly
260 _aGurugram
_bHachette Books Publishing
_c2024
270 _a4th and 5th Floor, Corporate Centre, Plot No.-94, Sector 44,
_bGurugram
_e122003
300 _a277p.
_c20cm(pb)
942 _2ddc
_cEN
_h796.358
_mGAN
999 _c210696
_d210696